00580nam a22001697a 450000500170000001000130001702000260003003500130005603700240006908200100009310000220010324501420012526000320026727000670029930000300036649000140039620111205100653.0 aB-454795 a9788179932018c185.00 aB-454795 aBlue Berry/VenbDPL a363.7 aSengupta, Chandni a101 Facts Saving the Earth /cby Chandni, Sengupta; edited by Pallavi Sah; illustrated by Yatindra Kumar, Vijay Nipane and Neeraj Riddlan aNew DelhibTeri Pressc2008 aDarbari Seth Block, IHC Complex, Lodhi RoadbNew Delhie110003 a46p.bcol.illc28cm. (Hb) a101 Facts